[Event "CRO-chT (Women) 30th"]
[Site "Porec"]
[Date "2022.09.27"]
[Round "5.2"]
[White "Mican, Karmela"]
[Black "Njegovanovic Ocelic, Paula"]
[Result "1-0"]
[WhiteElo "1924"]
[BlackElo "1667"]
[PlyCount "89"]
[EventDate "2022.09.24"]
[EventType "team-tourn"]
[EventRounds "9"]
[EventCountry "CRO"]
[SourceTitle "CBM 210 Extra"]
[Source "ChessBase"]
[SourceDate "2022.11.30"]
[SourceVersion "1"]
[SourceVersionDate "2022.11.30"]
[SourceQuality "1"]
[WhiteTeam "Strizivojna Amater (W)"]
[BlackTeam "Velimirovac Radnik (W)"]
[WhiteTeamCountry "CRO"]
[BlackTeamCountry "CRO"]

1. e4 e5 2. Nf3 Nc6 3. Bb5 a6 4. Ba4 Nf6 5. 0-0 b5 6. Bb3 d6 7. Ng5 d5 8. exd5 Nd4 9. Qe1 Nxb3 10. Qxe5+ Qe7 11. Qxe7+ Bxe7 12. axb3 Nxd5 13. d4 h6 14. Nf3 0-0 15. Re1 Bf6 16. c3 Bb7 17. Bd2 Nb6 18. Ne5 Bd5 19. b4 Rfe8 20. Bf4 Nc4 21. b3 Nxe5 22. dxe5 Re6 23. Bg3 g5 24. Re3 Bg7 25. Nd2 Rae8 26. Rae1 g4 27. f4 gxf3 28. gxf3 h5 29. f4 Bh6 30. c4 Bb7 31. Nf3 Bxf3 32. Rxf3 Rd8 33. Re2 bxc4 34. bxc4 Rd4 35. f5 Rc6 36. e6 fxe6 37. fxe6 Rd8 38. c5 Re8 39. e7 Bg5 40. Re5 Rg6 41. Kf1 Rf6 42. Rxg5+ Kf7 43. Rxf6+ Kxf6 44. Rxh5 Rxe7 45. Bh4+ 1-0

[Event "CRO-chT2 (Women)"]
[Site "Strizivojna"]
[Date "2021.11.21"]
[Round "3.1"]
[White "Mican, Karmela"]
[Black "Vodopija, Irina"]
[Result "1-0"]
[WhiteElo "1929"]
[BlackElo "1727"]
[PlyCount "73"]
[EventDate "2021.11.20"]
[EventType "team-tourn"]
[EventRounds "3"]
[EventCountry "CRO"]
[SourceTitle "EXT 2023"]
[Source "ChessBase"]
[SourceDate "2022.10.05"]
[SourceVersion "1"]
[SourceVersionDate "2022.10.05"]
[SourceQuality "1"]
[WhiteTeam "Strizivojna Amater (W)"]
[BlackTeam "Zagreb Ericsson Tesla (W)"]
[WhiteTeamCountry "CRO"]
[BlackTeamCountry "CRO"]

1. e4 c6 2. d4 d5 3. Nc3 dxe4 4. Nxe4 Nd7 5. Nf3 Ngf6 6. Ng3 e6 7. Bd3 Be7 8. Qe2 0-0 9. 0-0 c5 10. c3 cxd4 11. cxd4 Nb6 12. a3 Nbd5 13. Ne5 Qb6 14. Rd1 Qd6 15. Ne4 Nxe4 16. Qxe4 Nf6 17. Qf3 Qd5 18. Qh3 g6 19. Bg5 Qd8 20. Rac1 Nd5 21. Bh6 Bg5 22. Bxf8 Bxc1 23. Rxc1 Qxf8 24. Qf3 f5 25. Bc4 Qh6 26. Nd3 Nf6 27. Ba2 Ne4 28. Rc7 b6 29. Nf4 g5 30. Nd3 Qf6 31. Qh3 h6 32. d5 Nd6 33. Qe3 Nb5 34. Rc1 Kf7 35. a4 f4 36. Qe4 Nd4 37. Ne5+ 1-0

[Event "CRO-chT (Women) 28th"]
[Site "Mali Losinj"]
[Date "2019.10.03"]
[Round "7.33"]
[White "Roklicer, Heike"]
[Black "Mican, Karmela"]
[Result "1-0"]
[WhiteElo "2032"]
[BlackElo "1885"]
[PlyCount "111"]
[EventDate "2019.09.28"]
[EventType "team-tourn"]
[EventRounds "9"]
[EventCountry "CRO"]
[SourceTitle "EXT 2020"]
[Source "ChessBase"]
[SourceDate "2019.10.17"]
[SourceVersion "1"]
[SourceVersionDate "2019.10.17"]
[SourceQuality "1"]
[WhiteTeam "Busevec Polet (W)"]
[BlackTeam "Djakovo Limmont (W)"]
[WhiteTeamCountry "CRO"]
[BlackTeamCountry "CRO"]

1. d4 d5 2. c4 e6 3. Nc3 Nf6 4. Nf3 Be7 5. g3 0-0 6. Bg2 b6 7. 0-0 Bb7 8. Ne5 Nbd7 9. cxd5 exd5 10. Qa4 Nb8 11. b4 Ne4 12. Nxe4 dxe4 13. Bb2 Bd5 14. Ng4 Bg5 15. h4 f5 16. Ne5 Be7 17. e3 Bd6 18. Rfc1 a6 19. a3 b5 20. Qc2 Qe7 21. Nd3 Nd7 22. Nc5 Nf6 23. Bh3 Ng4 24. Qe2 h5 25. a4 g5 26. Bxg4 hxg4 27. Kg2 gxh4 28. Rh1 h3+ 29. Kh2 Qg5 30. Nd7 bxa4 31. Ne5 Bxb4 32. Rxa4 a5 33. Rc1 Bb3 34. Raa1 Bd6 35. Ba3 Rfe8 36. Qb5 a4 37. Rc6 Bxe5 38. dxe5 Qg7 39. Bb2 Kh7 40. Bd4 Reb8 41. Qc5 Rc8 42. e6 Qg5 43. e7 Bf7 44. Rf6 Bg6 45. Qe5 Rg8 46. Rf8 Re8 47. Rxg8 Rxg8 48. Rxa4 Be8 49. Ra6 c6 50. Ra8 Qg6 51. Rd8 Qf7 52. Rd6 Qg7 53. Qxf5+ Bg6 54. Bxg7 Bxf5 55. Bf8 Bg6 56. e8Q 1-0

[Event "CRO-chT (Women) 27th"]
[Site "Biograd"]
[Date "2018.09.13"]
[Round "7.33"]
[White "Cvitan, Ena"]
[Black "Mican, Karmela"]
[Result "1-0"]
[WhiteElo "2009"]
[BlackElo "1890"]
[PlyCount "31"]
[EventDate "2018.09.08"]
[EventType "team-tourn"]
[EventRounds "9"]
[EventCountry "CRO"]
[SourceTitle "CBM 186 Extra"]
[Source "ChessBase"]
[SourceDate "2018.08.24"]
[SourceVersion "1"]
[SourceVersionDate "2018.08.24"]
[SourceQuality "1"]
[WhiteTeam "Rijeka Liburnija (W)"]
[BlackTeam "Djakovo Limmont (W)"]
[WhiteTeamCountry "CRO"]
[BlackTeamCountry "CRO"]

1. d4 d5 2. Nf3 Nf6 3. Bf4 e6 4. e3 Be7 5. Bd3 Nh5 6. Be5 f6 7. Nh4 fxe5 8. Qxh5+ Kd7 9. Nf3 Nc6 10. Bb5 Bf6 11. Nxe5+ Bxe5 12. Qxe5 Qe7 13. Nd2 b6 14. c4 dxc4 15. d5 exd5 16. Bxc6+ 1-0

[Event "CRO-chT (Women) 27th"]
[Site "Biograd"]
[Date "2018.09.09"]
[Round "3.13"]
[White "Mican, Karmela"]
[Black "Dejanovic, Tereza"]
[Result "0-1"]
[WhiteElo "1890"]
[BlackElo "1815"]
[PlyCount "100"]
[EventDate "2018.09.08"]
[EventType "team-tourn"]
[EventRounds "9"]
[EventCountry "CRO"]
[SourceTitle "CBM 186 Extra"]
[Source "ChessBase"]
[SourceDate "2018.08.24"]
[SourceVersion "1"]
[SourceVersionDate "2018.08.24"]
[SourceQuality "1"]
[WhiteTeam "Djakovo Limmont (W)"]
[BlackTeam "Sisak (W)"]
[WhiteTeamCountry "CRO"]
[BlackTeamCountry "CRO"]

1. e4 c5 2. Nf3 d6 3. d4 cxd4 4. Nxd4 Nf6 5. Nc3 a6 6. Be3 e6 7. Be2 Be7 8. 0-0 Qc7 9. f4 0-0 10. Kh1 Nbd7 11. Bf3 Rb8 12. a4 Nc5 13. Qe1 e5 14. Nde2 b6 15. Ng3 exf4 16. Bxf4 Ne6 17. Be3 g6 18. Qd2 Bb7 19. Nd5 Bxd5 20. exd5 Nc5 21. Bd4 Nfd7 22. b4 Nb7 23. Be2 a5 24. c3 f5 25. Qe3 Bf6 26. Bxf6 Nxf6 27. Qd4 Rbe8 28. Bb5 Re5 29. Rae1 Rc8 30. c4 axb4 31. Qb2 Nc5 32. Rxe5 dxe5 33. Qxb4 e4 34. Qc3 Qd6 35. Ne2 Nd3 36. Qd4 Ng4 37. g3 Nge5 38. Nf4 Nxf4 39. Rxf4 Nf3 40. Qe3 Rf8 41. Kg2 Rf7 42. Be8 Rf8 43. Bb5 g5 44. Rxf3 exf3+ 45. Qxf3 Qe5 46. Qh5 f4 47. gxf4 Rxf4 48. Bd7 Qb2+ 49. Kg1 Qf2+ 50. Kh1 Qf1# 0-1

[Event "Split op 8th"]
[Site "Split"]
[Date "2018.08.12"]
[Round "1"]
[White "Mican, Karmela"]
[Black "Zelcic, Robert"]
[Result "0-1"]
[WhiteElo "1881"]
[BlackElo "2509"]
[PlyCount "72"]
[EventDate "2018.08.12"]
[EventType "swiss"]
[EventRounds "9"]
[EventCountry "CRO"]
[SourceTitle "CBM 186 Extra"]
[Source "ChessBase"]
[SourceDate "2018.08.24"]
[SourceVersion "1"]
[SourceVersionDate "2018.08.24"]
[SourceQuality "1"]

1. e4 Nf6 2. Nc3 d5 3. exd5 Nxd5 4. d4 Nxc3 5. bxc3 e6 6. Bf4 Bd6 7. Bg3 Nd7 8. Nf3 b6 9. Bd3 Bb7 10. 0-0 Bxg3 11. hxg3 0-0 12. Re1 c5 13. a4 Bd5 14. Be4 Bxe4 15. Rxe4 Rc8 16. Qd2 Nf6 17. Rh4 cxd4 18. cxd4 Qc7 19. Rc1 Qc3 20. Qf4 Rfd8 21. Ne5 Rd5 22. Ng4 Nxg4 23. Rxg4 h5 24. Rg5 Rxg5 25. Qxg5 Qxd4 26. Qxh5 Qxa4 27. Qd1 Qc4 28. Qd7 Qc7 29. Qa4 g6 30. Qa6 Rd8 31. c4 Rd7 32. Qb5 Qd8 33. Rc2 Rd1+ 34. Kh2 Qf6 35. Qe8+ Kg7 36. Ra2 Qg5 0-1

[Event "Bosnjaci op 23rd"]
[Site "Bosnjaci"]
[Date "2018.01.06"]
[Round "6"]
[White "Tomas, Ante"]
[Black "Mican, Karmela"]
[Result "1-0"]
[WhiteElo "2124"]
[BlackElo "1873"]
[PlyCount "125"]
[EventDate "2018.01.03"]
[EventType "swiss"]
[EventRounds "9"]
[EventCountry "CRO"]
[SourceTitle "CBM 182 Extra"]
[Source "ChessBase"]
[SourceDate "2018.02.23"]
[SourceVersion "1"]
[SourceVersionDate "2018.02.23"]
[SourceQuality "1"]

1. e4 e5 2. Bc4 Nf6 3. d3 Be7 4. Nc3 0-0 5. f4 exf4 6. Bxf4 d6 7. Nf3 c6 8. 0-0 Nbd7 9. Kh1 Nb6 10. Bb3 h6 11. Qe1 Bd7 12. h3 Qc8 13. a4 a5 14. g4 c5 15. Qe3 Be6 16. Rg1 Bxb3 17. cxb3 Kh7 18. Ne2 d5 19. Ng3 dxe4 20. dxe4 Qe6 21. Nf5 Ng8 22. Rg2 Nd7 23. Rd2 Rfe8 24. Rad1 Nf8 25. Qc3 Bf6 26. e5 Be7 27. Nd6 Bxd6 28. Rxd6 Qc8 29. Bg3 Ne6 30. Rd7 Re7 31. Qd3+ Kh8 32. Qd6 Rxd7 33. Qxd7 f6 34. Qxc8 Rxc8 35. Rd7 Rd8 36. Rxb7 Rd3 37. Kg2 Nd4 38. Nxd4 Rxd4 39. Rc7 Rd2+ 40. Kf1 Rxb2 41. e6 Rxb3 42. Bd6 Re3 43. e7 Kh7 44. Bxc5 Re6 45. Rc8 Nxe7 46. Re8 Rc6 47. Bxe7 Re6 48. Kf2 Kg6 49. Kf3 Kf7 50. Ra8 Rxe7 51. Rxa5 Kg6 52. Rf5 Ra7 53. a5 Kf7 54. Ke4 Ke6 55. Kd4 Kd6 56. Kc4 Kc6 57. Rc5+ Kd6 58. Kb4 g6 59. Rb5 f5 60. gxf5 gxf5 61. Rxf5 Ke6 62. Rh5 Rb7+ 63. Kc5 1-0

[Event "CRO-chT (Women) 26th"]
[Site "Mali Losinj"]
[Date "2017.10.02"]
[Round "6.23"]
[White "Spiranec, Noemi"]
[Black "Mican, Karmela"]
[Result "1-0"]
[WhiteElo "1957"]
[BlackElo "1804"]
[PlyCount "75"]
[EventDate "2017.09.28"]
[EventType "team-tourn"]
[EventRounds "9"]
[EventCountry "CRO"]
[SourceTitle "EXT 2018"]
[Source "ChessBase"]
[SourceDate "2017.10.13"]
[SourceVersion "1"]
[SourceVersionDate "2017.10.13"]
[SourceQuality "1"]
[WhiteTeam "Sisak (W)"]
[BlackTeam "Djakovo (W)"]
[WhiteTeamCountry "CRO"]
[BlackTeamCountry "CRO"]

1. e4 e5 2. Nf3 Nc6 3. Bb5 a6 4. Ba4 Nf6 5. 0-0 Be7 6. Re1 b5 7. Bb3 0-0 8. h3 d6 9. c3 Nb8 10. d4 Nbd7 11. Nbd2 Bb7 12. Bc2 Re8 13. Nf1 Bf8 14. Ng3 g6 15. a4 c6 16. Nh2 Bg7 17. Bg5 h6 18. Be3 Qc7 19. Qd2 Kh7 20. b3 Rac8 21. Ng4 h5 22. Nxf6+ Nxf6 23. f4 exd4 24. Bxd4 h4 25. Nf1 c5 26. Bxf6 Bxf6 27. axb5 axb5 28. Rad1 Rcd8 29. Re2 Ba6 30. Ne3 Bb7 31. Ng4 Bg7 32. f5 d5 33. Qg5 Rh8 34. f6 Bf8 35. e5 Bc8 36. e6 Re8 37. Ne5 Bh6 38. Bxg6+ 1-0

[Event "CRO-chT (Women) 26th"]
[Site "Mali Losinj"]
[Date "2017.09.30"]
[Round "4.13"]
[White "Rozman, Monika"]
[Black "Mican, Karmela"]
[Result "1-0"]
[WhiteElo "2194"]
[BlackElo "1804"]
[PlyCount "73"]
[EventDate "2017.09.28"]
[EventType "team-tourn"]
[EventRounds "9"]
[EventCountry "CRO"]
[SourceTitle "EXT 2018"]
[Source "ChessBase"]
[SourceDate "2017.10.13"]
[SourceVersion "1"]
[SourceVersionDate "2017.10.13"]
[SourceQuality "1"]
[WhiteTeam "Zagreb Mladost (W)"]
[BlackTeam "Djakovo (W)"]
[WhiteTeamCountry "CRO"]
[BlackTeamCountry "CRO"]

1. e4 e6 2. d4 d5 3. Nd2 b6 4. Bd3 Bb7 5. Ngf3 Nf6 6. e5 Nfd7 7. 0-0 c5 8. c3 Ba6 9. Bxa6 Nxa6 10. Re1 h6 11. Nf1 Nab8 12. h4 Nc6 13. h5 Rg8 14. c4 Ne7 15. Ne3 cxd4 16. Nxd4 dxc4 17. Nxc4 Nd5 18. Nb5 Bc5 19. Qf3 Qe7 20. Ncd6+ Kf8 21. Bf4 a6 22. Nc3 Nc7 23. Rad1 g5 24. hxg6 Rxg6 25. Nxf7 Qxf7 26. Bxh6+ Rxh6 27. Qxf7+ Kxf7 28. Rxd7+ Kg6 29. Rxc7 Rah8 30. Kf1 Rh1+ 31. Ke2 R1h2 32. Ne4 Bd4 33. Rc6 Rxg2 34. Kf3 Rgh2 35. Rg1+ Kf7 36. Nd6+ Ke7 37. Rc7+ 1-0

[Event "CRO-ch U17 Girls"]
[Site "Vinkovci"]
[Date "2017.07.27"]
[Round "6"]
[White "Mican, Karmela"]
[Black "Lijic, Kristina"]
[Result "1/2-1/2"]
[WhiteElo "1831"]
[BlackElo "1752"]
[PlyCount "45"]
[EventDate "2017.07.24"]
[EventType "swiss"]
[EventRounds "9"]
[EventCountry "CRO"]
[SourceTitle "EXT 2018"]
[Source "ChessBase"]
[SourceDate "2017.10.13"]
[SourceVersion "1"]
[SourceVersionDate "2017.10.13"]
[SourceQuality "1"]

1. e4 c5 2. f4 d6 3. Nf3 Nf6 4. Nc3 g6 5. g3 Bg7 6. Bg2 Nc6 7. 0-0 0-0 8. d3 Qb6 9. Na4 Qc7 10. c4 b6 11. Nc3 Bb7 12. a3 e6 13. Qe1 a6 14. Rb1 Nd4 15. Nxd4 cxd4 16. Ne2 e5 17. h3 Nd7 18. b4 f5 19. exf5 gxf5 20. Bb2 Rae8 21. Bxb7 Qxb7 22. Qf2 Rf6 23. Qg2 1/2-1/2

[Event "CRO-ch U17 Girls"]
[Site "Vinkovci"]
[Date "2017.07.25"]
[Round "2"]
[White "Mican, Karmela"]
[Black "Smetisko, Marija"]
[Result "0-1"]
[WhiteElo "1831"]
[BlackElo "1845"]
[PlyCount "112"]
[EventDate "2017.07.24"]
[EventType "swiss"]
[EventRounds "9"]
[EventCountry "CRO"]
[SourceTitle "EXT 2018"]
[Source "ChessBase"]
[SourceDate "2017.10.13"]
[SourceVersion "1"]
[SourceVersionDate "2017.10.13"]
[SourceQuality "1"]

1. e4 e5 2. Nf3 d6 3. Bc4 Nd7 4. d3 Be7 5. 0-0 c6 6. c3 Ngf6 7. Re1 0-0 8. Bb3 Nc5 9. Bc2 Ne6 10. d4 Qc7 11. Nbd2 Nf4 12. Nc4 Ng6 13. Ne3 Re8 14. b3 Ng4 15. h3 Nxe3 16. Bxe3 Bd7 17. Qd2 Rad8 18. Rad1 Bc8 19. Qc1 b6 20. Qb2 Nh4 21. Nxh4 Bxh4 22. Bd3 Qe7 23. Rf1 Bg5 24. f4 Bf6 25. Qd2 Rf8 26. f5 d5 27. exd5 cxd5 28. Qf2 Rfe8 29. Rde1 Qc7 30. Rc1 Qd6 31. Kh1 Bd7 32. Rg1 exd4 33. cxd4 Qe7 34. Rge1 Bh4 35. g3 Bg5 36. Bf4 Qf6 37. Be5 Qh6 38. Kh2 f6 39. Bf4 Rxe1 40. Bxg5 fxg5 41. Rxe1 Qf6 42. g4 Kf7 43. Kg2 Rc8 44. Re5 Qd6 45. Qe3 Rc3 46. Qd2 Qb4 47. Qe2 Qd6 48. Bb1 Rc1 49. Bd3 Qb4 50. Kf2 Qxd4+ 51. Re3 Qf4+ 52. Kg2 Qd6 53. Qd2 Rc8 54. Bc4 Bc6 55. Rd3 dxc4+ 56. Kf2 Qxd3 0-1

[Event "CRO-ch U17 Girls"]
[Site "Vinkovci"]
[Date "2017.07.24"]
[Round "1"]
[White "Bevanda, Ema"]
[Black "Mican, Karmela"]
[Result "1/2-1/2"]
[WhiteElo "1582"]
[BlackElo "1831"]
[PlyCount "60"]
[EventDate "2017.07.24"]
[EventType "swiss"]
[EventRounds "9"]
[EventCountry "CRO"]
[SourceTitle "EXT 2018"]
[Source "ChessBase"]
[SourceDate "2017.10.13"]
[SourceVersion "1"]
[SourceVersionDate "2017.10.13"]
[SourceQuality "1"]

1. d4 d5 2. c4 e6 3. Nc3 Nf6 4. Nf3 Be7 5. e3 b6 6. Be2 Bb7 7. 0-0 0-0 8. Re1 Nbd7 9. Bd3 c5 10. e4 dxe4 11. Nxe4 Qc7 12. Qc2 Rad8 13. Bg5 h6 14. Bh4 Rfe8 15. Bg3 Qc8 16. Rad1 Nh5 17. Bh4 Bxe4 18. Bxe4 Bxh4 19. Nxh4 Nhf6 20. Nf3 cxd4 21. Nxd4 Nxe4 22. Rxe4 Nf6 23. Ree1 Rd7 24. Nb5 Red8 25. b3 Qc5 26. Nxa7 Rxd1 27. Rxd1 Rxd1+ 28. Qxd1 Qa3 29. Nc6 Qxa2 30. h3 Qa8 1/2-1/2

[Event "CRO-ch U17 Girls"]
[Site "Vinkovci"]
[Date "2016.07.29"]
[Round "7"]
[White "Mican, Karmela"]
[Black "Purkic, Ruza"]
[Result "1-0"]
[WhiteElo "1814"]
[BlackElo "1589"]
[PlyCount "89"]
[EventDate "2016.07.25"]
[EventType "swiss"]
[EventRounds "9"]
[EventCountry "CRO"]
[SourceTitle "CBM 173 Extra"]
[Source "ChessBase"]
[SourceDate "2016.08.29"]
[SourceVersion "1"]
[SourceVersionDate "2016.08.29"]
[SourceQuality "1"]

1. e4 c5 2. Nf3 d6 3. d4 cxd4 4. Nxd4 Nf6 5. Nc3 g6 6. Be3 Bg7 7. f3 0-0 8. Qd2 Re8 9. 0-0-0 Nc6 10. g4 a6 11. h4 Ne5 12. h5 b5 13. a3 Nc4 14. Qf2 Nxe3 15. Qxe3 Qb6 16. Qd2 Rb8 17. hxg6 hxg6 18. Nce2 Qc5 19. Qb4 Qg5+ 20. Qd2 Qc5 21. Qb4 Qc7 22. Nb3 Be6 23. Nf4 Rec8 24. Rd2 Bxb3 25. Qxb3 e6 26. Nd3 a5 27. Rdh2 d5 28. e5 Nd7 29. f4 Nc5 30. Nxc5 Qxc5 31. Qd3 b4 32. a4 d4 33. b3 Qb6 34. g5 Rc3 35. Qd2 Rbc8 36. Kb2 Qb7 37. Bd3 Qf3 38. Rh3 Qg4 39. Qh2 Kf8 40. Rh7 Bxe5 41. fxe5 Qxg5 42. Rf1 Ke8 43. Rhxf7 Qh5 44. Qxh5 gxh5 45. Rf8+ 1-0

[Event "CRO-ch U17 Girls"]
[Site "Vinkovci"]
[Date "2016.07.28"]
[Round "6"]
[White "Blazeka, Mihaela"]
[Black "Mican, Karmela"]
[Result "1-0"]
[WhiteElo "1957"]
[BlackElo "1814"]
[PlyCount "71"]
[EventDate "2016.07.25"]
[EventType "swiss"]
[EventRounds "9"]
[EventCountry "CRO"]
[SourceTitle "CBM 173 Extra"]
[Source "ChessBase"]
[SourceDate "2016.08.29"]
[SourceVersion "1"]
[SourceVersionDate "2016.08.29"]
[SourceQuality "1"]

1. e4 e5 2. Nf3 Nc6 3. c3 Nf6 4. d3 Be7 5. Be2 0-0 6. b4 a6 7. 0-0 d6 8. Bb2 Re8 9. Nbd2 Bf8 10. Qc2 Ne7 11. Rfe1 Ng6 12. g3 c6 13. Nf1 d5 14. Ne3 Bd7 15. Bf1 Qc7 16. Bg2 Rad8 17. a3 h6 18. Nd2 Be6 19. d4 Qb8 20. f3 h5 21. Nf5 Be7 22. Re2 Nd7 23. Rae1 exd4 24. cxd4 dxe4 25. fxe4 Nf6 26. Nf3 Ng4 27. d5 cxd5 28. Nxg7 Rc8 29. Qb1 dxe4 30. Nd4 Red8 31. Ngxe6 fxe6 32. Qxe4 Kh7 33. Nxe6 Rd7 34. Qf5 Bd6 35. Qxh5+ Nh6 36. Ng5+ 1-0

[Event "EU-ch U16 Girls 25th"]
[Site "Porec"]
[Date "2015.09.29"]
[Round "8"]
[White "Mican, Karmela"]
[Black "Kerciku, Suzana"]
[Result "1/2-1/2"]
[WhiteElo "1814"]
[BlackElo "1530"]
[PlyCount "77"]
[EventDate "2015.09.21"]
[EventType "swiss"]
[EventRounds "9"]
[EventCountry "CRO"]
[SourceTitle "EXT 2016"]
[Source "ChessBase"]
[SourceDate "2015.10.08"]
[SourceVersion "1"]
[SourceVersionDate "2015.10.08"]
[SourceQuality "1"]

1. e4 c5 2. d3 e6 3. Nd2 d5 4. g3 Nc6 5. Bg2 Nf6 6. Ngf3 Qc7 7. 0-0 Be7 8. Re1 dxe4 9. dxe4 Nd7 10. h4 0-0 11. Nf1 Rd8 12. Qe2 Bf6 13. Ne3 Nd4 14. Nxd4 cxd4 15. Ng4 e5 16. Nxf6+ Nxf6 17. Bg5 Qb6 18. Qf3 Bg4 19. Qa3 Rd6 20. Rac1 h6 21. Bd2 Rc8 22. Ba5 Qa6 23. Bf1 b5 24. Qb4 Bd7 25. a4 d3 26. Bxd3 Rd4 27. Bxb5 Bxb5 28. Qxb5 Qxb5 29. axb5 Rc5 30. f3 Rxb5 31. Bc3 Rc4 32. Ra1 Rb7 33. Bxe5 Rxc2 34. Ra3 Nd7 35. Bd4 Nc5 36. Kf1 Nb3 37. Bc3 Nd2+ 38. Bxd2 Rxd2 39. Re2 1/2-1/2

[Event "EU-ch U16 Girls 25th"]
[Site "Porec"]
[Date "2015.09.28"]
[Round "7"]
[White "Stanciu, Andreea Briana"]
[Black "Mican, Karmela"]
[Result "1-0"]
[WhiteElo "1985"]
[BlackElo "1814"]
[PlyCount "67"]
[EventDate "2015.09.21"]
[EventType "swiss"]
[EventRounds "9"]
[EventCountry "CRO"]
[SourceTitle "EXT 2016"]
[Source "ChessBase"]
[SourceDate "2015.10.08"]
[SourceVersion "1"]
[SourceVersionDate "2015.10.08"]
[SourceQuality "1"]

1. e4 e5 2. Nf3 Nc6 3. Bb5 a6 4. Ba4 Nf6 5. 0-0 Be7 6. Re1 b5 7. Bb3 d6 8. c3 0-0 9. h3 Nb8 10. d4 Nbd7 11. Nbd2 Bb7 12. Bc2 Re8 13. Nf1 Bf8 14. Ng3 g6 15. Nh2 Bg7 16. f4 exd4 17. cxd4 c5 18. e5 dxe5 19. dxe5 Nd5 20. Ne4 Bf8 21. Ng4 h5 22. Ne3 N7b6 23. Bd2 Qh4 24. Nxd5 Nxd5 25. f5 Qd8 26. e6 fxe6 27. fxg6 Qe7 28. Bg5 Qc7 29. Qxh5 Bc6 30. Nf6+ Nxf6 31. Bxf6 Bg7 32. Qh7+ Kf8 33. Bxg7+ Qxg7 34. Rf1+ 1-0

[Event "Valpovo op (Women) 17th"]
[Site "Valpovo"]
[Date "2014.12.07"]
[Round "7.9"]
[White "Turk, Vesna"]
[Black "Mican, Karmela"]
[Result "1/2-1/2"]
[WhiteElo "1700"]
[BlackElo "1702"]
[PlyCount "81"]
[EventDate "2014.12.05"]
[EventType "swiss (rapid)"]
[EventRounds "7"]
[EventCountry "CRO"]
[SourceTitle "EXT 2023"]
[Source "ChessBase"]
[SourceDate "2022.10.05"]
[SourceVersion "1"]
[SourceVersionDate "2022.10.05"]
[SourceQuality "1"]

1. d4 d5 2. Nf3 Nf6 3. Bg5 h6 4. Bh4 Bf5 5. e3 a6 6. Bd3 Bxd3 7. Qxd3 Nbd7 8. Nbd2 e6 9. 0-0 Be7 10. c4 c5 11. b3 0-0 12. Rfc1 Rc8 13. a3 Re8 14. cxd5 Nxd5 15. Bxe7 Qxe7 16. Ne4 cxd4 17. Qxd4 Rxc1+ 18. Rxc1 Qxa3 19. Qd1 Qb4 20. Rc4 Qe7 21. Qc1 N7b6 22. Rc5 Qf8 23. Ned2 Rc8 24. Rxc8 Qxc8 25. Qxc8+ Nxc8 26. Kf1 Nd6 27. Ke1 Kf8 28. Ne5 Ke7 29. Kd1 Nb4 30. Ndc4 Nxc4 31. Nxc4 Nd3 32. f3 b5 33. Na5 Kd6 34. Kd2 Ne5 35. Kc3 Nc6 36. Nb7+ Kc7 37. Nc5 Kd6 38. Nxa6 e5 39. b4 Ne7 40. e4 Nc8 41. Nc5 1/2-1/2

[Event "EU-ch U14 Girls 24th"]
[Site "Batumi"]
[Date "2014.10.26"]
[Round "7"]
[White "Mican, Karmela"]
[Black "Urbanc, Ana"]
[Result "1-0"]
[WhiteElo "1726"]
[BlackElo "1554"]
[PlyCount "86"]
[EventDate "2014.10.19"]
[EventType "swiss"]
[EventRounds "9"]
[EventCountry "GEO"]
[SourceTitle "EXT 2016"]
[Source "ChessBase"]
[SourceDate "2015.10.08"]
[SourceVersion "1"]
[SourceVersionDate "2015.10.08"]
[SourceQuality "1"]

1. e4 c5 2. Nf3 Nc6 3. Bb5 d6 4. 0-0 e6 5. c3 a6 6. Bxc6+ bxc6 7. d3 Be7 8. Bf4 Bb7 9. Nbd2 e5 10. Be3 Nf6 11. h3 0-0 12. Nc4 Qc7 13. Qa4 Nd7 14. Qa5 Bd8 15. Qxc7 Bxc7 16. Nh4 d5 17. Na3 Kh8 18. g4 h6 19. Nf5 Rae8 20. Kh1 Kh7 21. Rg1 g5 22. h4 d4 23. Bd2 f6 24. Rg3 Kg6 25. Kg2 Rh8 26. Rh1 Rh7 27. Rgh3 Rhh8 28. hxg5 fxg5 29. Rxh6+ Rxh6 30. Rxh6+ Kf7 31. Rh7+ Ke6 32. Ng7+ Kf7 33. Nxe8+ Kxe8 34. Bxg5 Bd6 35. Nc4 Bf8 36. Kg3 Ba8 37. f4 exf4+ 38. Kxf4 Bb7 39. e5 dxc3 40. bxc3 Bc8 41. e6 Nb8 42. Ne5 a5 43. Rh8 Bxe6 1-0

[Event "EU-ch U14 Girls 24th"]
[Site "Batumi"]
[Date "2014.10.23"]
[Round "5"]
[White "Mican, Karmela"]
[Black "Misiuk, Karolina"]
[Result "0-1"]
[WhiteElo "1726"]
[BlackElo "1480"]
[PlyCount "108"]
[EventDate "2014.10.19"]
[EventType "swiss"]
[EventRounds "9"]
[EventCountry "GEO"]
[SourceTitle "EXT 2016"]
[Source "ChessBase"]
[SourceDate "2015.10.08"]
[SourceVersion "1"]
[SourceVersionDate "2015.10.08"]
[SourceQuality "1"]

1. e4 c5 2. Nf3 Nc6 3. d4 cxd4 4. Nxd4 g6 5. c4 Bg7 6. Be3 Nf6 7. Nc3 d6 8. Be2 Bd7 9. 0-0 0-0 10. Qd2 Nxd4 11. Bxd4 Bc6 12. Bd3 a5 13. Rfe1 Ng4 14. Bxg7 Kxg7 15. Nd5 e6 16. Nc3 Qc7 17. h3 Ne5 18. Bf1 Rad8 19. Rad1 Qb6 20. b3 Rg8 21. Qd4 Qxd4 22. Rxd4 f6 23. Red1 Nf7 24. Be2 Kf8 25. c5 Ke7 26. cxd6+ Rxd6 27. Bb5 Bxb5 28. Nxb5 Rxd4 29. Rxd4 Rd8 30. Kf1 Rxd4 31. Nxd4 Kd6 32. Ke2 e5 33. Nc2 Kc5 34. Kd3 Nd8 35. a3 Nc6 36. g4 g5 37. Kc3 Nd4 38. Ne3 Ne2+ 39. Kd3 Nf4+ 40. Kc3 Nxh3 41. Nd5 Nxf2 42. Nxf6 h6 43. b4+ axb4+ 44. axb4+ Kd6 45. Kd2 Ke6 46. Ke2 Kxf6 47. Kxf2 b5 48. Kg3 Kg6 49. Kh3 h5 50. Kg3 Kh6 51. Kh3 hxg4+ 52. Kg2 g3 53. Kxg3 Kh5 54. Kh3 g4+ 0-1

[Event "EU-ch U14 Girls 24th"]
[Site "Batumi"]
[Date "2014.10.21"]
[Round "3"]
[White "Mican, Karmela"]
[Black "Vrtiakova, Anna"]
[Result "0-1"]
[WhiteElo "1726"]
[BlackElo "1966"]
[PlyCount "120"]
[EventDate "2014.10.19"]
[EventType "swiss"]
[EventRounds "9"]
[EventCountry "GEO"]
[SourceTitle "EXT 2016"]
[Source "ChessBase"]
[SourceDate "2015.10.08"]
[SourceVersion "1"]
[SourceVersionDate "2015.10.08"]
[SourceQuality "1"]

1. e4 c5 2. Nf3 d6 3. Bb5+ Nd7 4. c4 a6 5. Ba4 Ngf6 6. Nc3 g6 7. d4 cxd4 8. Nxd4 Bg7 9. h3 0-0 10. Bc2 Ne5 11. b3 Nc6 12. Be3 Bd7 13. Rc1 Nxd4 14. Bxd4 Bc6 15. 0-0 Rc8 16. a4 e6 17. Re1 Qc7 18. e5 dxe5 19. Bxe5 Qd7 20. Qe2 Rfd8 21. Red1 Qe7 22. Rd4 Rxd4 23. Bxd4 Nh5 24. Bxg7 Qg5 25. Qf1 Kxg7 26. Ne4 Qf4 27. Re1 Rd8 28. g4 Nf6 29. Qe2 Nxe4 30. Bxe4 Bxe4 31. Qxe4 Qd2 32. Rf1 Qc3 33. Kg2 Qxb3 34. Rb1 Qxa4 35. Rxb7 Qa1 36. Rb1 Qd4 37. Qe2 Rc8 38. Rc1 a5 39. Qe1 a4 40. Qc3 Qxc3 41. Rxc3 Ra8 42. Ra3 Kf6 43. Kf3 Ke5 44. Ke3 Kd6 45. Kd4 e5+ 46. Ke4 Kc5 47. Kxe5 Kxc4 48. Kf6 Ra7 49. f4 Kb4 50. Ra1 a3 51. f5 Kb3 52. Kg7 gxf5 53. gxf5 h5 54. f6 a2 55. Rg1 a1Q 56. Rxa1 Rxa1 57. Kxf7 Rh1 58. Kg7 Rxh3 59. Kg6 Rf3 60. Kg5 h4 0-1